000 00716nam a2200229Ia 4500
003 OSt
005 20220923214256.0
006 a|||||r|||| 00| 0
007 ta
008 220922b |||||||| |||| 00| 0 hin d
024 _a168,362
037 _cTextual
040 _aARTS
_cARTS
_bhin
041 _2hin
_ahin
082 _aO152:1M66:13, J9;1
100 _aहरिऔध, अयोध्यासिंह उपाध्याय
_9163301
245 0 _aचुभते चौपदे
246 _aChubhate chaupade
260 _c1959
942 _hO152:1M66:13, J9;1
_cTEXL
_2CC
999 _c322832
_d322832